000
00216 a2200097 4500
001
38236
100
_a
Close H.M
245
_a
Attlec wavell Mountbatten
260
_a
Islamabad
_b
NBF
_c
1997
090
_c
24293
_d
24293
942
_a
NUST-CAE
_c
M
_c
15884
999
_c
273309
_d
273309